| 000 | 00525nam a2200181Ia 4500 | ||
|---|---|---|---|
| 008 | 240925s9999 xx 000 0 und d | ||
| 020 | _a007009960x | ||
| 082 | _a621.38223 CAR | ||
| 100 | _aCarlson ,A. Bruce | ||
| 245 | 0 | _aCommunication Systems: An introduction to signals and noise in electrical communication | |
| 250 | _a3rd | ||
| 260 |
_aNew York: _bMcGraw-Hill _c,1986. |
||
| 300 |
_axviii,798p. _bNA _fPirated |
||
| 500 | _aIncludes Index | ||
| 600 | _aElectrical Engineering | ||
| 650 | _aTechnology | ||
| 942 | _cBK | ||
| 999 |
_c3363 _d3363 |
||